Famous Places Quiz - Statistics

General Stats
  • This quiz has been taken 129 times
  • The average score is 9 of 12
Answer Stats
Picture Answer % Correct
Statue of Liberty
95%
Eiffel Tower
93%
Great Wall of China
90%
Taj Mahal
89%
Empire State Building
86%
Stonehenge
84%
Big Ben
82%
Christ the Redeemer
72%
Buckingham Palace
62%
Machu Picchu
61%
CN Tower
52%
La Sagrada Familia
50%
No matching quizzes found
Score Distribution
Percent of People with Each Score
Percentile by Number Answered
Your Score History
You have not taken this quiz